NHL Teams that have never won a Stanley Cup - Statistics

General Stats
  • This quiz has been taken 1,876 times
    413 since last reset
  • The average score is 8 of 10
Answer Stats
Finals Appearances Team Name % Correct
3 (1982, 1994, 2011) Vancouver Canucks
88%
None Seattle Kraken
86%
1 (2016) San Jose Sharks
85%
None Utah Mammoth
84%
1 (2017) Nashville Predators
80%
2 (1975, 1999) Buffalo Sabres
78%
1 (2007) Ottawa Senators
78%
None Minnesota Wild
77%
None Winnipeg Jets
77%
None Columbus Blue Jackets
72%
No matching quizzes found
Score Distribution
Percent of People with Each Score
Percentile by Number Answered
Your Score History
You have not taken this quiz since the last reset